[Event "TuS Makkabi Berlin-BSG Chemie Leipzig"]
[Site "?"]
[Date "2009.12.28"]
[Round "3.1"]
[White "Schmücker, Felix"]
[Black "Lerch, Philipp"]
[Result "1/2-1/2"]
[WhiteElo "1745"]
[BlackElo "1903"]
[PlyCount "83"]
[EventDate "2009.??.??"]
[WhiteTeam "BSG Chemie Leipzig"]
[BlackTeam "TuS Makkabi Berlin"]

1. e4 c5 2. Nc3 Nc6 3. g3 g6 4. Bg2 Bg7 5. d3 d6 6. f4 e6 7. Nf3 Nge7 8. Be3
O-O 9. O-O b6 10. Bf2 d5 11. e5 Ba6 12. Re1 Rc8 13. g4 Qc7 14. Ne2 d4 15. Ng3
Nd5 16. Qd2 f6 17. exf6 Rxf6 18. Ne4 Rff8 19. Neg5 Nxf4 20. Nxe6 Nxe6 21. Rxe6
Ne5 22. Bg3 Nxf3+ 23. Bxf3 Qf7 24. Bd5 Bb7 25. Bxb7 Qxe6 26. Bxc8 Qxc8 27. h3
h5 28. Qg5 hxg4 29. Qxg4 Qc6 30. Re1 Rf5 31. Bf4 Qf6 32. Bg3 Bh6 33. Kg2 Be3
34. Qe2 $11 Rg5 35. Rf1 Qe6 36. Qf3 Rf5 37. Qa8+ Kh7 38. Rxf5 gxf5 39. Qb7+ Kg6
40. b3 Qf6 41. Qd7 Bh6 42. Qd6 $11 1/2-1/2

[Event "TuS Makkabi Berlin-BSG Chemie Leipzig"]
[Site "?"]
[Date "2009.12.28"]
[Round "3.2"]
[White "Sawlin, Leonid"]
[Black "Richter, Leonard"]
[Result "1/2-1/2"]
[WhiteElo "1785"]
[BlackElo "1650"]
[PlyCount "72"]
[EventDate "2009.??.??"]
[WhiteTeam "TuS Makkabi Berlin"]
[BlackTeam "BSG Chemie Leipzig"]

1. e4 c6 2. Nf3 d5 3. Nc3 dxe4 4. Nxe4 Nd7 5. Bc4 Ngf6 6. Neg5 e6 7. Qe2 Nd5 8.
d4 Be7 9. O-O O-O 10. Bb3 Re8 11. c4 N5b6 12. Bc2 Nf8 13. Bd2 Bf6 14. Rad1 Qc7
15. Ba5 Qe7 16. Ne4 Ng6 17. g3 Nd7 18. Bc3 b6 19. Nxf6+ Nxf6 20. Ne5 Bb7 21.
Rfe1 Rac8 22. a3 c5 23. Nxg6 hxg6 24. d5 Qd7 25. dxe6 Qc6 26. f3 Rxe6 27. Qd3
Rce8 28. Rxe6 Rxe6 29. Rf1 Ng4 30. Qd8+ Re8 31. Qd3 Ne3 32. Rf2 Ba6 33. b3 b5
34. cxb5 Bxb5 35. Qd2 Nxc2 36. Qxc2 Re3 1/2-1/2

[Event "TuS Makkabi Berlin-BSG Chemie Leipzig"]
[Site "?"]
[Date "2009.12.28"]
[Round "3.3"]
[White "Paschold, Gerry"]
[Black "Lagunow, Raphael"]
[Result "0-1"]
[WhiteElo "1358"]
[BlackElo "1646"]
[PlyCount "66"]
[EventDate "2009.??.??"]
[WhiteTeam "BSG Chemie Leipzig"]
[BlackTeam "TuS Makkabi Berlin"]

1. e4 c5 2. Nc3 Nc6 3. g3 g6 4. Bg2 Bg7 5. d3 d6 6. f4 e6 7. Nf3 Nge7 8. O-O
O-O 9. Be3 Nd4 10. h3 Rb8 11. Rb1 Qa5 12. e5 Nef5 13. Bf2 Nxf3+ 14. Bxf3 dxe5
15. fxe5 Bxe5 16. Ne4 Nd4 17. Bg2 b6 18. c3 Nf5 19. Qc2 Bd6 20. Rbd1 Rd8 21.
Rfe1 Qb5 22. Bf1 Qc6 23. Qc1 Qc7 24. Rd2 Bb7 25. Qd1 Nxg3 26. Bxg3 Bxg3 27.
Ree2 Bf4 28. Rc2 f5 29. Nd2 Rxd3 30. Bg2 Bxg2 31. Rxg2 Be3+ 32. Kh1 Rbd8 33.
Qe1 Qf4 0-1

[Event "TuS Makkabi Berlin-BSG Chemie Leipzig"]
[Site "?"]
[Date "2009.12.28"]
[Round "3.4"]
[White "Lagunow, Elina"]
[Black "Angrick, Philipp"]
[Result "0-1"]
[WhiteElo "1607"]
[BlackElo "1363"]
[PlyCount "70"]
[EventDate "2009.??.??"]
[WhiteTeam "TuS Makkabi Berlin"]
[BlackTeam "BSG Chemie Leipzig"]

1. e4 e5 2. Nf3 Nc6 3. Bc4 Bc5 4. c3 Nf6 5. d3 a6 6. Nbd2 d5 7. exd5 Nxd5 8.
O-O O-O 9. Re1 b5 10. Bb3 f6 11. Ne4 Ba7 12. a4 Kh8 13. axb5 axb5 14. Be3 Nxe3
15. Rxe3 Bb7 16. Re2 Qd7 17. Rd2 Bb6 18. Ba2 Rfd8 19. b4 Ne7 20. Rc1 Rxa2 21.
Rxa2 Bxe4 22. Rd2 Bb7 23. d4 Bxf3 24. Qxf3 exd4 25. Qe4 Nc6 26. Rcd1 Qd5 27.
Qh4 Qb3 28. Qg3 Re8 29. cxd4 Qxb4 30. Qd3 Qc4 31. Qf5 Nxd4 32. Qh5 Qe6 33. Kf1
Ba5 34. g3 Bxd2 35. Kg2 Bc3 0-1

[Event "TuS Coswig-Hamburger SK"]
[Site "?"]
[Date "2009.12.28"]
[Round "3.1"]
[White "Gröning, Finn Jonathan"]
[Black "Kieslich, Aaron"]
[Result "1-0"]
[WhiteElo "1731"]
[BlackElo "1700"]
[PlyCount "93"]
[EventDate "2009.??.??"]
[WhiteTeam "Hamburger SK"]
[BlackTeam "TuS Coswig"]

1. e4 c5 2. Nf3 Nc6 3. d4 cxd4 4. Nxd4 Nf6 5. Nc3 e5 6. Ndb5 d6 7. Bg5 a6 8.
Na3 b5 9. Nd5 Be7 10. Nxe7 Qxe7 11. c3 O-O 12. Nc2 h6 13. Bh4 Rd8 14. Ne3 Be6
15. Bd3 Ra7 16. Bc2 Rad7 17. Bb3 Na5 18. Bd5 Nc4 19. Nxc4 bxc4 20. O-O Bxd5 21.
Bxf6 Qxf6 22. Qxd5 Qe6 23. b4 cxb3 24. axb3 Qxd5 25. exd5 Rb7 26. Rfb1 Ra8 27.
f3 f5 28. Ra4 g5 29. Kf2 Kf7 30. b4 Ke7 31. Ke3 Kd7 32. Rba1 Rba7 33. c4 Rc7
34. Kd3 Rac8 35. Rc1 Ra8 36. c5 dxc5 37. bxc5 Rac8 38. Ra5 h5 39. Kc4 g4 40.
Re1 Re8 41. Rxa6 h4 42. Rh6 h3 43. fxg4 hxg2 44. gxf5 Rg8 45. Rg6 Rxg6 46. fxg6
Kd8 47. Rg1 1-0

[Event "TuS Coswig-Hamburger SK"]
[Site "?"]
[Date "2009.12.28"]
[Round "3.2"]
[White "Linnemann, Niklas"]
[Black "Sander, Jean Louis"]
[Result "1-0"]
[WhiteElo "1577"]
[BlackElo "1652"]
[PlyCount "147"]
[EventDate "2009.??.??"]
[WhiteTeam "TuS Coswig"]
[BlackTeam "Hamburger SK"]

1. e4 c5 2. Nf3 d6 3. d4 cxd4 4. Nxd4 Nf6 5. Nc3 a6 6. f3 e5 7. Nb3 Be7 8. Be3
O-O 9. Qd2 Be6 10. O-O-O b5 11. g4 Nbd7 12. g5 Ne8 13. Nd5 Bxd5 14. exd5 f5 15.
gxf6 Rxf6 16. Na5 Nb8 17. Be2 Rf7 18. Kb1 Qc7 19. h4 Bd8 20. Nb3 Nd7 21. Rdg1
Rb8 22. f4 Ndf6 23. fxe5 dxe5 24. Nc5 Qd6 25. Rd1 Bb6 26. Nd3 Nxd5 27. Bxb6
Nxb6 28. Qb4 Qxb4 29. Nxb4 Nc7 30. Rde1 Re8 31. Nd3 e4 32. Nc5 Re5 33. Nb3 Ne6
34. Bd3 e3 35. Na5 Rc7 36. Rhf1 Nc4 37. Nxc4 bxc4 38. Rf5 Rxf5 39. Bxf5 Nd4 40.
Be4 e2 41. c3 Nb5 42. Rxe2 g6 43. Bd5+ Kg7 44. Re6 Rc5 45. Bb7 Nc7 46. Rd6 a5
47. Bc6 Kh6 48. Bf3 Ne8 49. Rd4 g5 50. hxg5+ Kxg5 51. Be2 h5 52. Bxc4 Nc7 53.
Kc2 h4 54. Kb3 h3 55. Bf1 h2 56. Bg2 Re5 57. Rd7 Ne6 58. Rd5 Rxd5 59. Bxd5 Nc5+
60. Kc4 Na4 61. Kb3 Nc5+ 62. Ka3 Kf4 63. Bh1 Ke5 64. b4 axb4+ 65. cxb4 Nd7 66.
Ka4 Kd4 67. Kb5 Kc3 68. a4 Nb8 69. a5 Kb3 70. Bd5+ Ka3 71. Kc4 Ka4 72. Bh1 Ka3
73. b5 Ka4 74. a6 1-0

[Event "TuS Coswig-Hamburger SK"]
[Site "?"]
[Date "2009.12.28"]
[Round "3.3"]
[White "Baberz, Alexander"]
[Black "Marek, Moritz"]
[Result "1-0"]
[WhiteElo "1404"]
[BlackElo "1298"]
[PlyCount "119"]
[EventDate "2009.??.??"]
[WhiteTeam "Hamburger SK"]
[BlackTeam "TuS Coswig"]

1. d4 f5 2. e4 d6 3. Bd3 e6 4. Qf3 g6 5. Qe2 Nc6 6. c3 Be7 7. Nf3 b6 8. Bb5 Bd7
9. O-O Bf6 10. exf5 Nge7 11. fxe6 Bc8 12. d5 a6 13. Bxc6+ Nxc6 14. dxc6 Qe7 15.
Re1 h5 16. Nbd2 d5 17. Nb3 h4 18. Nbd4 a5 19. Be3 Ba6 20. Qd2 Rg8 21. Bg5 Rf8
22. Bxf6 Qxf6 23. Qg5 Ke7 24. Re5 Bd3 25. Rxd5 Ke8 26. Qxf6 Rxf6 27. Rd7 Ba6
28. Rxc7 Bc8 29. Rd1 Bxe6 30. Re1 Rd8 31. h3 a4 32. Nxe6 Ra8 33. Rd7 Rc8 34.
Nd8+ Kf8 35. Ree7 Rxd8 36. Rxd8+ Kxe7 37. c7 Rc6 38. c8=Q Rxc8 39. Rxc8 Kd6 40.
Kf1 Kd7 41. Rc4 b5 42. Rc5 Kd6 43. Rxb5 Kc6 44. c4 Kd6 45. Ra5 Kc6 46. Rxa4 Kc5
47. Ra8 Kxc4 48. Rb8 Kd5 49. a4 Ke4 50. a5 Kf5 51. a6 g5 52. Nxg5 Kxg5 53. a7
Kf4 54. a8=Q Ke5 55. Rd8 Ke6 56. Qa5 Ke7 57. Qc7+ Ke6 58. Qd6+ Kf5 59. f4 Ke4
60. Qe5# 1-0

[Event "TuS Coswig-Hamburger SK"]
[Site "?"]
[Date "2009.12.28"]
[Round "3.4"]
[White "Zschuppe, Ludwig"]
[Black "Lampert, Joshua"]
[Result "1-0"]
[WhiteElo "1118"]
[BlackElo "1101"]
[PlyCount "69"]
[EventDate "2009.??.??"]
[WhiteTeam "TuS Coswig"]
[BlackTeam "Hamburger SK"]

1. e4 e5 2. Nf3 Nc6 3. Bc4 Bc5 4. d3 Nf6 5. Bg5 h6 6. Bh4 g5 7. Bg3 d6 8. h3
Qe7 9. Nc3 Be6 10. Bb3 O-O-O 11. O-O h5 12. Nxg5 Rdg8 13. Nf3 Bxb3 14. axb3 Qf8
15. Bh4 Qg7 16. g3 Rh6 17. Kh2 Rg6 18. Ne2 d5 19. exd5 Nxd5 20. Qd2 f5 21. c3
Bd6 22. Rg1 f4 23. gxf4 Rg2+ 24. Kh1 exf4 25. Ng5 Rxg1+ 26. Rxg1 Qe5 27. Nf3
Rxg1+ 28. Nexg1 Qf5 29. Qe2 Qg6 30. Qe1 b5 31. d4 Qc2 32. Qe6+ Kb7 33. Qxd5
Qxb2 34. Qxb5+ Kc8 35. Qxc6 1-0

[Event "TuS Makkabi Frankfurt a. M.-SF Brackel"]
[Site "?"]
[Date "2009.12.28"]
[Round "3.1"]
[White "Hümmecke, Aaron"]
[Black "Baskin, Robert"]
[Result "0-1"]
[WhiteElo "1614"]
[BlackElo "1775"]
[PlyCount "120"]
[EventDate "2009.??.??"]
[WhiteTeam "SF Brackel"]
[BlackTeam "TuS Makkabi Frankfurt a. M."]

1. e4 e6 2. d4 d5 3. Nc3 Bb4 4. Nge2 dxe4 5. a3 Be7 6. Nxe4 Nf6 7. N2g3 O-O 8.
Bc4 Bd7 9. O-O Bc6 10. Ng5 Bd5 11. Bxd5 Qxd5 12. Qd3 h6 13. Nf3 c5 14. c3 Nc6
15. Rd1 Rfd8 16. Ne2 e5 17. Qd2 exd4 18. cxd4 cxd4 19. Nexd4 Nxd4 20. Nxd4 Bc5
21. Nc2 Bxf2+ 22. Kh1 Qxd2 23. Bxd2 Rac8 24. Bc3 Ne4 25. Rxd8+ Rxd8 26. Be1
Bxe1 27. Nxe1 Rd2 28. b4 Nc3 29. Nf3 Rd1+ 30. Rxd1 Nxd1 31. Nd4 Nc3 32. Kg1 g6
33. Kf2 Kf8 34. Nb3 Ke7 35. Na5 Ne4+ 36. Ke3 Nd6 37. a4 Kd7 38. Nb3 b6 39. Kd3
Ke6 40. Kd4 Nf5+ 41. Ke4 Nd6+ 42. Kd4 f5 43. Nd2 g5 44. Nf3 f4 45. h3 Nf5+ 46.
Ke4 a6 47. Ne1 Ne3 48. g4 Nd5 49. Nf3 Nxb4 50. h4 Kf6 51. hxg5+ hxg5 52. Ne5 b5
53. axb5 axb5 54. Nf3 Nc2 55. Kd5 Ne3+ 56. Kc5 Nxg4 57. Kxb5 Ne5 58. Nd4 f3 59.
Nc2 g4 60. Kc5 g3 0-1

[Event "TuS Makkabi Frankfurt a. M.-SF Brackel"]
[Site "?"]
[Date "2009.12.28"]
[Round "3.2"]
[White "Mager, Denis"]
[Black "Birnkraut, Tim"]
[Result "0-1"]
[WhiteElo "1648"]
[BlackElo "1673"]
[PlyCount "83"]
[EventDate "2009.??.??"]
[WhiteTeam "TuS Makkabi Frankfurt a. M."]
[BlackTeam "SF Brackel"]

1. Nf3 d5 2. c4 e6 3. d4 c6 4. Nc3 dxc4 5. a4 Bb4 6. e3 b5 7. Bd2 a5 8. axb5
Bxc3 9. Bxc3 cxb5 10. b3 Bb7 11. bxc4 b4 12. Bb2 Nf6 13. Bd3 O-O 14. O-O Nbd7
15. Qc2 Qc7 16. Rfe1 Rfc8 17. e4 Nf8 18. Ne5 Ng6 19. Nxg6 hxg6 20. e5 Nd7 21.
c5 Nb6 22. Re3 Nd5 23. Rh3 Nf4 24. Rg3 Nxd3 25. Qxd3 Qc6 26. Qb3 Qd5 27. Qc2
Bc6 28. Qd3 a4 29. Bc1 b3 30. Ba3 Rcb8 31. Qc3 Qe4 32. Rc1 Rb7 33. Re1 Qc2 34.
Qxc2 bxc2 35. Rc1 Rb1 36. Rc3 Rxc1+ 37. Bxc1 Rb8 38. f3 Rb1 39. Rxc2 a3 40. Kf2
a2 41. Bb2 Rxb2 42. Rxb2 0-1

[Event "TuS Makkabi Frankfurt a. M.-SF Brackel"]
[Site "?"]
[Date "2009.12.28"]
[Round "3.3"]
[White "Wastian, Jan"]
[Black "Greif, Gavin"]
[Result "1-0"]
[WhiteElo "1479"]
[BlackElo "1346"]
[PlyCount "75"]
[EventDate "2009.??.??"]
[WhiteTeam "SF Brackel"]
[BlackTeam "TuS Makkabi Frankfurt a. M."]

1. e4 e5 2. Nf3 Nc6 3. Bc4 Nf6 4. Ng5 d5 5. exd5 Na5 6. Bb5+ c6 7. dxc6 bxc6 8.
Be2 h6 9. Nf3 e4 10. Ne5 Qc7 11. d4 exd3 12. Nxd3 c5 13. Bf4 Bd6 14. Bxd6 Qxd6
15. O-O O-O 16. Qd2 Nc6 17. c4 Re8 18. Nc3 a6 19. Rfe1 Bf5 20. Rad1 Rad8 21.
Qf4 Bxd3 22. Qd2 Qd4 23. Qc1 Qxc4 24. b3 Qb4 25. Rxd3 Rxd3 26. Bxd3 Rxe1+ 27.
Qxe1 Qd4 28. Bxa6 Nb4 29. Bc4 Kf8 30. Nb5 Qd8 31. a4 Nc2 32. Qe2 Nb4 33. Qe3
Qd1+ 34. Bf1 Nd7 35. Nc7 Kg8 36. Qe8+ Kh7 37. Qxf7 Ne5 38. Qf5+ 1-0

[Event "TuS Makkabi Frankfurt a. M.-SF Brackel"]
[Site "?"]
[Date "2009.12.28"]
[Round "3.4"]
[White "Paulsen, Alexej"]
[Black "Trümper, Michael"]
[Result "1-0"]
[WhiteElo "1411"]
[BlackElo "1395"]
[PlyCount "101"]
[EventDate "2009.??.??"]
[WhiteTeam "TuS Makkabi Frankfurt a. M."]
[BlackTeam "SF Brackel"]

1. e4 d5 2. exd5 Qxd5 3. Nc3 Qa5 4. d4 Nf6 5. Nf3 Bf5 6. Bd3 e6 7. Bxf5 Qxf5 8.
O-O Bd6 9. Be3 O-O 10. Qd2 Ng4 11. h3 Nxe3 12. Qxe3 Qxc2 13. Qd2 Qxd2 14. Nxd2
Nc6 15. Nb3 e5 16. d5 Ne7 17. Rfd1 Rfd8 18. Rac1 a6 19. Ne4 Rac8 20. Na5 Bb4
21. d6 cxd6 22. Rxc8 Rxc8 23. Nxd6 Rd8 24. Naxb7 Rd7 25. a3 Bxd6 26. Rxd6 Rxd6
27. Nxd6 Kf8 28. Kf1 Nc6 29. Ke2 Ke7 30. Nc4 Ke6 31. Kd3 f5 32. f3 g5 33. b4 h5
34. Ne3 f4 35. Nd1 Kf5 36. Nf2 Nd4 37. a4 Ke6 38. Kc4 Kd6 39. Ne4+ Kc6 40. Nxg5
Nc2 41. Nf7 Ne3+ 42. Kd3 Nxg2 43. Ke4 Ne1 44. b5+ axb5 45. axb5+ Kxb5 46. Nxe5
Kc5 47. Kxf4 h4 48. Ng6 Ng2+ 49. Kg4 Kd4 50. Nxh4 Nxh4 51. Kxh4 1-0

[Event "USV TU Dresden-SK 1926 Ettlingen"]
[Site "?"]
[Date "2009.12.28"]
[Round "3.1"]
[White "Volz, Alexander"]
[Black "Scholz, Robert"]
[Result "0-1"]
[WhiteElo "1768"]
[BlackElo "1561"]
[PlyCount "206"]
[EventDate "2009.??.??"]
[WhiteTeam "SK 1926 Ettlingen"]
[BlackTeam "USV TU Dresden"]

1. e4 e5 2. Nf3 Nc6 3. Bc4 Bc5 4. d3 Nf6 5. Nc3 d6 6. Bg5 h6 7. Bxf6 Qxf6 8.
Nd5 Qd8 9. c3 a6 10. d4 exd4 11. cxd4 Ba7 12. h3 O-O 13. O-O Ne7 14. Nxe7+ Qxe7
15. Qc2 Qf6 16. Rad1 Bd7 17. Qd3 Rad8 18. b4 Rfe8 19. a3 Qg6 20. Nd2 Bc6 21. f3
d5 22. exd5 Qxd3 23. Bxd3 Bxd4+ 24. Kh1 Rxd5 25. Be4 Rdd8 26. Bxc6 bxc6 27. Ne4
Rd5 28. Rc1 Re6 29. Nc5 Bxc5 30. Rxc5 Rxc5 31. bxc5 Re3 32. Rd1 Rxa3 33. Rd8+
Kh7 34. Ra8 Ra5 35. Kg1 Kg6 36. Kf2 Kf6 37. Ke3 Rxc5 38. Rxa6 Ke5 39. f4+ Kd6
40. Ra3 Rd5 41. g4 Kc5 42. Rc3+ Kd6 43. f5 Rc5 44. Rd3+ Rd5 45. Rc3 c5 46. Rc4
Rd4 47. Rc3 Rd1 48. h4 Rh1 49. Rd3+ Ke7 50. Kf4 Rxh4 51. Rd5 Rh1 52. Rxc5 Kd6
53. Rc2 Rf1+ 54. Kg3 h5 55. Rb2 Ke7 56. Re2+ Kf6 57. gxh5 Rxf5 58. Rc2 Rxh5 59.
Rxc7 g5 60. Rc6+ Kg7 61. Kg4 Rh6 62. Rc5 f6 63. Rc7+ Kg6 64. Rc6 Rh4+ 65. Kg3
Re4 66. Kf3 Re5 67. Kg4 Re4+ 68. Kf3 Rf4+ 69. Kg3 Kh5 70. Rc8 f5 71. Rh8+ Kg6
72. Rg8+ Kf6 73. Rf8+ Kg7 74. Rb8 Re4 75. Rb7+ Kf6 76. Rb6+ Re6 77. Rb8 g4 78.
Rf8+ Ke5 79. Ra8 Rd6 80. Re8+ Kf6 81. Rf8+ Kg5 82. Rg8+ Rg6 83. Rf8 Rh6 84.
Rg8+ Kf6 85. Rf8+ Ke6 86. Re8+ Kf7 87. Ra8 Rh3+ 88. Kg2 f4 89. Ra4 f3+ 90. Kf2
Rh2+ 91. Kg1 f2+ 92. Kxh2 f1=Q 93. Rxg4 Kf6 94. Rg2 Qf4+ 95. Kg1 Ke5 96. Rf2
Qg3+ 97. Rg2 Qe1+ 98. Kh2 Kf4 99. Rg1 Qh4+ 100. Kg2 Qg3+ 101. Kf1 Qf3+ 102. Ke1
Ke3 103. Rf1 Qe2# 0-1

[Event "USV TU Dresden-SK 1926 Ettlingen"]
[Site "?"]
[Date "2009.12.28"]
[Round "3.2"]
[White "Thamm, Merlin Jannes"]
[Black "Imgrunt, Philipp"]
[Result "0-1"]
[WhiteElo "1546"]
[BlackElo "1548"]
[PlyCount "90"]
[EventDate "2009.??.??"]
[WhiteTeam "USV TU Dresden"]
[BlackTeam "SK 1926 Ettlingen"]

1. e4 e6 2. d4 d5 3. exd5 exd5 4. Bd3 Bd6 5. Nf3 Bg4 6. Be3 Nf6 7. Nbd2 Nbd7 8.
O-O O-O 9. Re1 c6 10. c3 Qc7 11. Qc2 Rfe8 12. Bg5 Bf4 13. Bxf6 Nxf6 14. Qa4 Ne4
15. Bxe4 dxe4 16. Nxe4 Bxf3 17. gxf3 Bxh2+ 18. Kg2 Re6 19. Ng3 Bxg3 20. fxg3
Rg6 21. g4 h5 22. Re4 h4 23. Re5 f6 24. Qb3+ Kh8 25. Rh5+ Rh6 26. Rxh6+ gxh6
27. Qe6 Qg3+ 28. Kf1 Qxf3+ 29. Ke1 h3 30. Kd2 Rg8 31. Rg1 Qf2+ 32. Kd3 Qf3+ 33.
Kc2 Qf4 34. Rh1 Rxg4 35. Rxh3 Kh7 36. Qf7+ Rg7 37. Qe6 Qg4 38. Qe3 Qg5 39. Qe6
Qg2+ 40. Kc1 Qf1+ 41. Kc2 Rg2+ 42. Kb3 Qb5+ 43. Ka3 Qxb2+ 44. Ka4 b5+ 45. Ka5
Qa3# 0-1

[Event "USV TU Dresden-SK 1926 Ettlingen"]
[Site "?"]
[Date "2009.12.28"]
[Round "3.3"]
[White "Reiß, Michael"]
[Black "Heidelberger, Colin"]
[Result "1-0"]
[WhiteElo "1563"]
[BlackElo "1508"]
[PlyCount "98"]
[EventDate "2009.??.??"]
[WhiteTeam "SK 1926 Ettlingen"]
[BlackTeam "USV TU Dresden"]

1. e4 e6 2. d4 d5 3. exd5 exd5 4. Bf4 Nc6 5. Nc3 Nf6 6. Nb5 Bd6 7. Nxd6+ cxd6
8. f3 O-O 9. Qd2 a6 10. O-O-O b5 11. g4 b4 12. h4 a5 13. h5 Nxg4 14. fxg4 Bxg4
15. Be2 Bxe2 16. Nxe2 a4 17. Kb1 Rb8 18. Rdg1 Kh8 19. Ng3 Ne7 20. Qg2 Rg8 21.
Bg5 f6 22. Bh4 b3 23. cxb3 axb3 24. a3 Rc8 25. Rc1 Rxc1+ 26. Rxc1 Qd7 27. Qf3
Qe6 28. Nf1 Nf5 29. Bf2 Rc8 30. Qxb3 Nxd4 31. Qd3 Qf5 32. Qxf5 Nxf5 33. a4 Kg8
34. Ng3 Nxg3 35. Bxg3 Ra8 36. b3 Ra6 37. Rd1 Kf7 38. Rxd5 Ke6 39. Rb5 g5 40.
hxg6 hxg6 41. a5 g5 42. Kc2 f5 43. b4 f4 44. Rxg5 fxg3 45. Rxg3 Kd5 46. Kc3 Kc6
47. Rg5 d5 48. Rg6+ Kb7 49. Rxa6 Kxa6 1-0

[Event "USV TU Dresden-SK 1926 Ettlingen"]
[Site "?"]
[Date "2009.12.28"]
[Round "3.4"]
[White "Gungl, Theo"]
[Black "Jülg, Julian"]
[Result "1-0"]
[WhiteElo "1477"]
[BlackElo "1065"]
[PlyCount "139"]
[EventDate "2009.??.??"]
[WhiteTeam "USV TU Dresden"]
[BlackTeam "SK 1926 Ettlingen"]

1. d4 Nf6 2. c4 e6 3. Nc3 Bb4 4. e3 Bxc3+ 5. bxc3 b6 6. Nf3 O-O 7. Bd3 Bb7 8.
O-O Nc6 9. Ba3 Re8 10. Qc2 h6 11. Rfe1 d6 12. Rad1 Qd7 13. c5 Ne7 14. Qb1 Bc6
15. e4 Nh7 16. e5 Bxf3 17. Bxh7+ Kh8 18. gxf3 g6 19. cxd6 Nd5 20. Qc2 Kxh7 21.
Kf1 a5 22. c4 Nf4 23. c5 Qc6 24. Re3 Nd5 25. Rb3 a4 26. Rb2 b5 27. Rd2 Rab8 28.
Rb1 b4 29. Bc1 Nc3 30. Rd3 Nxb1 31. Qxb1 Qb5 32. Kg2 cxd6 33. exd6 f6 34. Qc2
e5 35. d5 b3 36. axb3 axb3 37. Qb1 b2 38. Qxb2 Qxd3 39. Qd2 Qxd2 40. Bxd2 Rb2
41. Ba5 Rb7 42. c6 Ra7 43. d7 Rf8 44. c7 Raa8 45. d8=Q Rfxd8 46. cxd8=Q Rxd8
47. Bxd8 Kg7 48. d6 Kf7 49. Be7 Ke6 50. Kg3 f5 51. Bf8 Kd7 52. f4 e4 53. h4 h5
54. Kg2 Ke8 55. Be7 Kd7 56. Kf1 Ke6 57. Ke2 Kd7 58. Ke3 Ke6 59. Kd4 Kd7 60. Ke5
g5 61. Bxg5 Kc6 62. Ke6 Kc5 63. d7 e3 64. fxe3 Kc4 65. d8=Q Kc3 66. Qd4+ Kc2
67. Kxf5 Kc1 68. Ke4 Kc2 69. Bf6 Kc1 70. Kd3 1-0

[Event "SK Wildeshausen-SF Katernberg"]
[Site "?"]
[Date "2009.12.28"]
[Round "3.2"]
[White "Duchow, Julien"]
[Black "Dette, Tim"]
[Result "1/2-1/2"]
[WhiteElo "1515"]
[BlackElo "1260"]
[PlyCount "56"]
[EventDate "2009.??.??"]
[WhiteTeam "SK Wildeshausen"]
[BlackTeam "SF Katernberg"]

1. e4 e6 2. d4 d5 3. Nc3 Nf6 4. e5 Nfd7 5. f4 c5 6. Nf3 Nc6 7. Be3 a6 8. Qd2 b5
9. a3 Rb8 10. Be2 Bb7 11. O-O cxd4 12. Nxd4 Nxd4 13. Bxd4 Bc5 14. Rf3 Bxd4+ 15.
Qxd4 Qb6 16. Rd1 O-O 17. b3 Rbc8 18. Kf1 Rfd8 19. Rh3 f6 20. Qd3 f5 21. Qg3 d4
22. Qh4 Nf8 23. Qf2 Qc6 24. Bf3 Qc7 25. Bxb7 Qxb7 26. Rxd4 Ng6 27. Rhd3 Rxd4
28. Qxd4 Nf8 1/2-1/2

[Event "SK Wildeshausen-SF Katernberg"]
[Site "?"]
[Date "2009.12.28"]
[Round "3.3"]
[White "Marvani, Arman"]
[Black "Finke, Maurice"]
[Result "0-1"]
[WhiteElo "1067"]
[BlackElo "1411"]
[PlyCount "54"]
[EventDate "2009.??.??"]
[WhiteTeam "SF Katernberg"]
[BlackTeam "SK Wildeshausen"]

1. e4 c5 2. Nf3 e6 3. d4 cxd4 4. Nxd4 Nc6 5. Nf3 Qc7 6. Nc3 a6 7. Bd3 Nf6 8.
Ne2 Be7 9. Be3 O-O 10. O-O d5 11. exd5 Nxd5 12. Qd2 Bf6 13. c3 Rd8 14. Ng5 h6
15. Ne4 Be5 16. N2g3 f5 17. Nc5 f4 18. Bxf4 Nxf4 19. Rae1 b6 20. Nb3 Nxd3 21.
Re3 Bf4 22. Qxd3 Rxd3 23. Rxd3 Bxg3 24. Rxg3 Bb7 25. Re1 Re8 26. Nd2 Nd8 27.
Nc4 Qxc4 0-1

[Event "SK Wildeshausen-SF Katernberg"]
[Site "?"]
[Date "2009.12.28"]
[Round "3.4"]
[White "Stukenborg, Rudi"]
[Black "Döpper, Anna Berenice"]
[Result "1/2-1/2"]
[WhiteElo "1308"]
[BlackElo "906"]
[PlyCount "82"]
[EventDate "2009.??.??"]
[WhiteTeam "SK Wildeshausen"]
[BlackTeam "SF Katernberg"]

1. e4 e6 2. d4 d5 3. Nc3 Nf6 4. e5 Nfd7 5. f4 c5 6. Nf3 Nc6 7. Be3 Qb6 8. Na4
Qc7 9. Nxc5 Nxc5 10. dxc5 Qa5+ 11. Qd2 Qxd2+ 12. Nxd2 d4 13. Bf2 Bxc5 14. Nb3
Bb4+ 15. Ke2 O-O 16. Rd1 Rd8 17. a3 Be7 18. Kf3 b6 19. h3 Bc5 20. Nxc5 bxc5 21.
Kg3 Rb8 22. b3 Ne7 23. Bc4 Nf5+ 24. Kh2 Bb7 25. Rhe1 Bc6 26. Bd3 Bb5 27. Bxb5
Rxb5 28. g4 Ne7 29. Bh4 Rd7 30. Bxe7 Rxe7 31. Rb1 Rd7 32. Red1 Rd5 33. Rd2 Rd7
34. Rdd1 a5 35. Kg3 Kf8 36. Kf3 Ke7 37. Ke4 Rd8 38. Rf1 Rf8 39. f5 f6 40. exf6+
gxf6 41. fxe6 Kxe6 1/2-1/2

[Event "SV Medizin Erfurt-SC Vaterstetten"]
[Site "?"]
[Date "2009.12.28"]
[Round "3.1"]
[White "Xiong, Ferdinand"]
[Black "Knorre, Jonas"]
[Result "1/2-1/2"]
[WhiteElo "1806"]
[BlackElo "1313"]
[PlyCount "36"]
[EventDate "2009.??.??"]
[WhiteTeam "SC Vaterstetten"]
[BlackTeam "SV Medizin Erfurt"]

1. e4 c5 2. Nf3 Nc6 3. d4 cxd4 4. Nxd4 g6 5. Be3 Bg7 6. Nc3 Nf6 7. f3 O-O 8.
Qd2 d5 9. O-O-O dxe4 10. Nxc6 Qxd2+ 11. Rxd2 bxc6 12. Nxe4 Nd5 13. Bc5 Bh6 14.
c4 Bxd2+ 15. Kxd2 f5 16. cxd5 fxe4 17. Bxe7 Rf7 18. Bc4 Be6 1/2-1/2

[Event "SV Medizin Erfurt-SC Vaterstetten"]
[Site "?"]
[Date "2009.12.28"]
[Round "3.2"]
[White "Lindner, Ferdinand"]
[Black "Castell, Patrick"]
[Result "0-1"]
[WhiteElo "1413"]
[BlackElo "1374"]
[PlyCount "82"]
[EventDate "2009.??.??"]
[WhiteTeam "SV Medizin Erfurt"]
[BlackTeam "SC Vaterstetten"]

1. e4 e5 2. Nf3 Nc6 3. Bc4 Be7 4. d4 exd4 5. Nxd4 Nf6 6. Nc3 O-O 7. O-O d6 8.
Nf3 Bg4 9. h3 Bh5 10. Bf4 Qd7 11. Bb3 Rad8 12. Re1 Qc8 13. Ba4 Ne5 14. Bxe5
dxe5 15. Qe2 Kh8 16. g4 Nxg4 17. Nxe5 Nf6 18. Qe3 Bd6 19. Nd3 Nd7 20. Qg5 Bg6
21. e5 f6 22. Qg3 Nxe5 23. Nxe5 Bxe5 24. f4 Bd4+ 25. Kh1 Bb6 26. Re7 Bf7 27.
Bb3 Rd7 28. Rae1 Qd8 29. Rg1 Bxg1 30. Rxd7 Qxd7 31. Bxf7 Qxf7 32. Qxg1 b6 33.
Kh2 Rd8 34. Qe3 Qe8 35. Qf2 Qd7 36. Ne4 Qd4 37. Qg2 Re8 38. Ng3 Qxf4 39. a3 Rd8
40. Kh1 Rd1+ 41. Nf1 Qxf1+ 0-1

[Event "SV Medizin Erfurt-SC Vaterstetten"]
[Site "?"]
[Date "2009.12.28"]
[Round "3.3"]
[White "Schackmann, Oliver"]
[Black "Michels, Kim"]
[Result "1-0"]
[WhiteElo "1138"]
[BlackElo "1184"]
[PlyCount "51"]
[EventDate "2009.??.??"]
[WhiteTeam "SC Vaterstetten"]
[BlackTeam "SV Medizin Erfurt"]

1. e4 c5 2. Nf3 Nc6 3. d4 cxd4 4. Nxd4 g6 5. Nc3 Bg7 6. Be3 Nf6 7. Bc4 Qa5 8.
f3 O-O 9. Qd2 d6 10. O-O-O Bd7 11. g4 Nxd4 12. Bxd4 b5 13. Bb3 b4 14. Nd5 Nxd5
15. Bxd5 Rac8 16. Kb1 Qc7 17. Bxg7 Kxg7 18. h4 a5 19. h5 e6 20. hxg6 fxg6 21.
Qh6+ Kf6 22. e5+ dxe5 23. Be4 a4 24. Qh4+ Kf7 25. Qxh7+ Ke8 26. Bxg6+ 1-0

[Event "SV Medizin Erfurt-SC Vaterstetten"]
[Site "?"]
[Date "2009.12.28"]
[Round "3.4"]
[White "Nguyen, Huy Dat"]
[Black "Hilger, Sebastian"]
[Result "1/2-1/2"]
[WhiteElo "1153"]
[BlackElo "1022"]
[PlyCount "71"]
[EventDate "2009.??.??"]
[WhiteTeam "SV Medizin Erfurt"]
[BlackTeam "SC Vaterstetten"]

1. e4 e5 2. Nf3 Nc6 3. Bc4 Bc5 4. c3 d6 5. d4 Bb6 6. d5 Nce7 7. O-O f5 8. exf5
Bxf5 9. h3 Nf6 10. Bg5 Qd7 11. Nh2 O-O-O 12. Nd2 Rde8 13. a4 Rhf8 14. a5 Bxf2+
15. Rxf2 h6 16. Be3 Kb8 17. Ndf3 Ne4 18. Rf1 g5 19. a6 b6 20. Qb3 Qc8 21. Ne1
Ng6 22. Bb5 Re7 23. Nc2 Nf4 24. Bxf4 gxf4 25. Rfd1 Nc5 26. Qc4 Bxc2 27. Re1 Rg7
28. b4 Bd3 29. Qa2 Bxb5 30. bxc5 dxc5 31. Rxe5 Qxh3 32. Rae1 Qxc3 33. R1e4 Rgg8
34. Ng4 Rxg4 35. Qe2 Qc1+ 36. Kf2 1/2-1/2

[Event "SC Forchheim-USV Volksbank Halle"]
[Site "?"]
[Date "2009.12.28"]
[Round "3.1"]
[White "Schulte, Felix"]
[Black "Wagner, Robert"]
[Result "1/2-1/2"]
[WhiteElo "1407"]
[BlackElo "1603"]
[PlyCount "46"]
[EventDate "2009.??.??"]
[WhiteTeam "USV Volksbank Halle"]
[BlackTeam "SC Forchheim"]

1. e4 c5 2. Nf3 d6 3. d4 cxd4 4. Nxd4 g6 5. Nc3 Nf6 6. Be3 Bg7 7. f3 Bd7 8. Bc4
Nc6 9. Qd2 O-O 10. O-O-O Rc8 11. Bb3 Qa5 12. g4 Ne5 13. h4 Nc4 14. Bxc4 Rxc4
15. h5 b5 16. Nf5 Bxf5 17. gxf5 Nxe4 18. Nxe4 Qxa2 19. c3 Qa1+ 20. Kc2 Qa4+ 21.
Kc1 Qa1+ 22. Kc2 Qa4+ 23. Kc1 Qa1+ 1/2-1/2